00421nam a2200133Ia 4500008004100000020001800041040001200059082001300071100002100084245012200105250001200227260003600239300001200275200103s9999||||xx |||||||||||||| ||und|| a9780851746593 aIMU-MPC aColumn-7 aRushbrook, Frank 0aRushbrook's fire aboard : the problems of prevention and control in ships, port installations and offshore structures a3rd ed. bBrown, Son & Ferguson Ltdc1998 axx, 450